• 首页
  • 本馆介绍
  • 公告通知
  • 最新文献
  • 馆藏检索
  • 电子资源
  • 读者导购
  • 参考咨询
  • 我的图书馆
  • 登录
  • 详细信息显示
  • 放入我的书架
  • 预约/预借图书
  • 作者相关作品
  • 分类相关作品
  • 丛书相关作品
  • 出版社相关作品

书目信息

  • 表格格式
  • 工作单格式
  • 卡片格式
题名:
强身健体老火汤
    
 
作者: 陈志田 主编
分册:  
出版信息: 南昌   江西科学技术出版社  2014
页数: 256页
开本: 25cm
丛书名:
单 册:
中图分类: TS972.122.2 , TS972.12
科图分类:
主题词: 保健--汤菜--菜谱
电子资源:
ISBN: 978-7-5390-5015-7
000 01078nam0 2200229 450
001 2356690074
005 20231110094853.79
010    @a978-7-5390-5015-7@dCNY49.00
100    @a20140702d2014 em y0chiy50 ea
101 0  @achi
102    @aCN@b360000
105    @aa z 000yy
200 1  @a强身健体老火汤@Aqiang shen jian ti lao huo tang@f陈志田主编
210    @a南昌@c江西科学技术出版社@d2014
215    @a256页@c彩照@d25cm
330    @a本书分为五部分,第一部分详细介绍了煲老火汤的工具、常用食材及煲汤技巧;第二部分主要介绍强身健体老火汤,有增强免疫力老火汤、安神补脑老火汤、养心补血老火汤、补肾强身老火汤等;第三部分是对症食疗老火汤,介绍了慢性咽炎、消化不良、便秘等常见疾病的食疗老火汤;第四部是女性特有病症食疗老火汤,介绍了内分泌失调、月经不调、痛经等女性特有病症食疗老火汤;第五部分是男性特有病症食疗老火汤,介绍了勃起功能障碍、前列腺增生、前列腺炎等男性特有病症食疗老火汤。
606 0  @a保健@x汤菜@x菜谱
690    @aTS972.122.2@v5
690    @aTS972.12@v4
701  0 @a陈志田@Achen zhi tian@4主编
801  0 @aCN@b安徽时代@c20230923
905    @aBZT@dTS972.12@e71
    
    强身健体老火汤/陈志田主编.-南昌:江西科学技术出版社,2014
    256页:彩照;25cm
    
    
    ISBN 978-7-5390-5015-7:CNY49.00
    本书分为五部分,第一部分详细介绍了煲老火汤的工具、常用食材及煲汤技巧;第二部分主要介绍强身健体老火汤,有增强免疫力老火汤、安神补脑老火汤、养心补血老火汤、补肾强身老火汤等;第三部分是对症食疗老火汤,介绍了慢性咽炎、消化不良、便秘等常见疾病的食疗老火汤;第四部是女性特有病症食疗老火汤,介绍了内分泌失调、月经不调、痛经等女性特有病症食疗老火汤;第五部分是男性特有病症食疗老火汤,介绍了勃起功能障碍、前列腺增生、前列腺炎等男性特有病症食疗老火汤。
●
相关链接 在五车中查询图书 在当当中查询图书 在豆瓣中查询图书


正题名:强身健体老火汤     索取号:TS972.12/71         预约/预借

序号 登录号 条形码 馆藏地/架位号 状态 备注
1 2000938590   2000938590   第四书库/四28架A面3层3列/ [索取号:TS972.12/71] 在馆    
2 2000938591   2000938591   第四书库/四28架A面3层3列/ [索取号:TS972.12/71] 在馆    
3 2000938592   2000938592   第四书库/四28架A面3层3列/ [索取号:TS972.12/71] 在馆    
4 2000938593   2000938593   第四书库/四28架A面3层3列/ [索取号:TS972.12/71] 在馆    
5 2000938594   2000938594   第四书库/四28架A面3层3列/ [索取号:TS972.12/71] 在馆    
6 2000938595   2000938595   第四书库/四28架A面3层3列/ [索取号:TS972.12/71] 在馆    
山东省滨州职业学院图书馆 欢迎您!
大连网信软件有限公司© 版权所有